Antidiskriminácia ohrozuje poisťovníctvo

Rozhovor s prezidentom Slovenskej asociácie poisťovní Ing. Marekom Jankovičom, o budúcnosti poisťovníctva a konkurencii na poistnom trhu.

Na minha lista:
Detalhes bibliográficos
Autor principal: Podstupka, Ivan
Outros Autores: Jankovič, Marek
Formato: Capítulo de Livro
Idioma:eslovaco
Assuntos:
Tags: Adicionar Tag
Sem tags, seja o primeiro a adicionar uma tag!

MARC

LEADER 00000naa a2200000 4500
001 0146113
005 20221103134433.9
041 0 |a slo 
044 |a SK 
245 1 0 |a Antidiskriminácia ohrozuje poisťovníctvo  |c Ivan Podstupka, Marek Jankovič 
520 |a Rozhovor s prezidentom Slovenskej asociácie poisťovní Ing. Marekom Jankovičom, o budúcnosti poisťovníctva a konkurencii na poistnom trhu. 
610 2 0 |a poisťovníctvo 
610 2 0 |a poisťovne 
610 2 0 |a trh poistný 
610 2 0 |a poistenie 
610 2 0 |a Slovensko 
610 2 0 |a Európska únia 
610 2 0 |a smernice 
610 2 0 |a zákony 
610 2 0 |a regulácia 
100 1 |a Podstupka, Ivan 
700 1 |a Jankovič, Marek